The Lost Island/ (Record no. 195822)

MARC details
000 -LEADER
fixed length control field 00639nam a22001937a 4500
005 - DATE AND TIME OF LATEST TRANSACTION
control field 20230503144954.0
010 ## - LCCN (DPL NO)
LC control number ENG-136758
020 ## - INTERNATIONAL STANDARD BOOK NUMBER
International Standard Book Number 9789391091125
Terms of availability 299.00
035 ## - SYSTEM CONTROL NUMBER
System control number EN-120290
037 ## - SOURCE OF ACQUISITION
Source of stock number/acquisition DBAD/PUB
082 ## - DEWEY DECIMAL CLASSIFICATION NUMBER
Classification number 881
100 ## - MAIN ENTRY--PERSONAL NAME
Personal name Anand, Jernail Singh
245 ## - TITLE STATEMENT
Title The Lost Island/
Statement of responsibility, etc By Jernail Singh Anand And Ilya Shambat
260 ## - PUBLICATION, DISTRIBUTION, ETC. (IMPRINT)
Place of publication, distribution, etc Haryana
Name of publisher, distributor, etc The Poetry Society of India
Date of publication, distribution, etc 2021
270 ## - ADDRESS
Address H-23/16, DLF Phase -1 Gurugram
City Haryana
Postal code 122002
Electronic mail address thepoetrysocietyofi@gmail.com
-- mgwebguru@gmail.com
300 ## - PHYSICAL DESCRIPTION
Extent vi,86p.;
Dimensions 21m(pbk)
500 ## - GENERAL NOTE
General note Inter continental Poetry
942 ## - ADDED ENTRY ELEMENTS (KOHA)
Source of classification or shelving scheme Dewey Decimal Classification
Item type English Books
Classification part 881
Call number suffix ANA
Holdings
Withdrawn status Lost status Not for loan Collection code Home library Current library Date acquired Source of acquisition Cost, normal purchase price Full call number Barcode Copy number Cost, replacement price Koha item type
      Non-fiction Shahdara Branch Shahdara Branch 03/05/2023 DBAD/PUB 299.00 881 ANA EN-120290 1 299.00 English Books

© Delhi Public Library
Hit Counter
free hit counter